Estadísticas para 100 ciudades más grandes de Nueva Zelanda con un mapa

Haz click aquí para intentar la prueba.

Estadísticas generales

  • Esta prueba ha sido intentada 24 veces
  • La puntuación promedio es 13 de 100

Respuestas en el mapa

Las respuestas están codificadas por una escala verde-roja en el mapa de la prueba según el % correcto abajo.
 

Estadísticas de respuestas

poblaciónincluyeciudad% Correcto
418 500Upper Hutt, Lower Hutt, PoriruaWellington
95%
1 638 800Hibiscus Coast, Waiheke Island,
Beachlands, Huapai
Auckland
86%
407 600Kaiapoi, Lyttelton, Prebbleton, WoodendChristchurch
57%
203 100Hamilton
38%
63 900Napier
33%
122 000MosgielDunedin
29%
51 200Invercargill
29%
67 500RichmondNelson
29%
141 600Papamoa, OmokoroaTauranga
29%
58 800Whangarei
29%
58 300New Plymouth
24%
19 540Lake HayesQueenstown
24%
59 500NgongotahaRotorua
24%
20 200Ashburton
19%
31 600RenwickBlenheim
19%
37 200Gisborne
19%
24 700Taupo
19%
19 750Ohope BeachWhakatane
19%
40 900Whanganui
19%
9910Gore
14%
9700Greymouth
14%
70 600Havelock NorthHastings
14%
6100Lincoln
14%
13 950Oamaru
14%
89 500AshhurstPalmerston North
14%
18 300Rangiora
14%
16 250Rolleston
14%
2140Te Anau
14%
8350Te Puke
14%
7350Thames
14%
29 100Timaru
14%
8890Wanaka
14%
4890Warkworth
14%
5510Alexandra
10%
2950Arrowtown
10%
3990Balclutha
10%
20 600Cambridge
10%
5160Cromwell
10%
2230Darfield
10%
5180Dargaville
10%
16 850Feilding
10%
2500Geraldine
10%
12 150Hawera
10%
3150Helensville
10%
8150Huntly
10%
4560Kaikohe
10%
2150Kaikoura
10%
5860Kaitaia
10%
42 700Paraparaumu, WaikanaeKapiti Coast
10%
7520Kerikeri
10%
21 200Levin
10%
22 200Masterton
10%
7920Matamata
10%
4350Picton
10%
31 400Pukekohe
10%
5040Snells Beach
10%
5740Stratford
10%
17 500KihikihiTe Awamutu
10%
14 050Tokoroa
10%
2890Waimate
10%
9780Waiuku
10%
2100Wellsford
10%
3960Westport
10%
2370Winton
10%
5320Carterton
5%
5360Dannevirke
5%
2480Featherston
5%
4720Foxton
5%
2380Greytown
5%
3590Hokitika
5%
3630Inglewood
5%
4710Katikati
5%
7080Kawerau
5%
2270Mapua
5%
4950Marton
5%
7870Morrinsville
5%
8450Motueka
5%
6580Ngaruawahia
5%
4320Opotiki
5%
6410Otaki
5%
2750Otorohanga
5%
2170Oxford
5%
4410Paeroa
5%
2570Pahiatua
5%
4100Putaruru
5%
3310Raglan
5%
4720Taumarunui
5%
4350Te Aroha
5%
4640Te Kuiti
5%
4370Temuka
5%
3320Turangi
5%
5150Waihi
5%
2220Waihi Beach
5%
2160Waipawa
5%
4220Waipukurau
5%
4290Wairoa
5%
7040Waitara
5%
2360Wakefield
5%
3960Whangamata
5%
5080Whitianga
5%

Distribución de puntuación

Porcentaje por número respondido

Porcentaje de gente con cada puntuación

Historial de tus puntuaciones

No has intentado esta prueba.